Movimientos teológicos contemporáneos
Gespeichert in:
| 1. Verfasser: | |
|---|---|
| Format: | Buch |
| Sprache: | Spanisch |
| Veröffentlicht: |
Santiago
Orden de Predicadores en Chile
1987
|
| Schriftenreihe: | Colección Fray Gil González, 1
|
| Schlagworte: | |
| Tags: |
Tag hinzufügen
Keine Tags, Fügen Sie den ersten Tag hinzu!
|
MARC
| LEADER | 00000nam a2200000 a 4500 | ||
|---|---|---|---|
| 001 | UCW8198 | ||
| 003 | CL-VaPUC | ||
| 008 | 880705e19870000CL |||||||||||||||||spa|d | ||
| 082 | 0 | 4 | |a 261 |b MAR |2 21 |
| 100 | |a Martínez Díez, Felicísimo |e autor |9 595926 | ||
| 245 | 1 | 0 | |a Movimientos teológicos contemporáneos |
| 300 | |a 179 p | ||
| 942 | |c BK | ||
| 945 | |d 19880705 00:00:00 | ||
| 260 | |a Santiago |b Orden de Predicadores en Chile |c 1987 | ||
| 650 | 0 | |a Teología de la liberación |9 255471 | |
| 650 | 0 | |a Teología |9 258766 | |
| 583 | |a last modification |c 19880705 00:00:00 |k Rodrigo Vera | ||
| 490 | 0 | |a Colección Fray Gil González, 1 | |
| 999 | |c 220655 |d 220653 | ||
| 952 | |0 0 |1 0 |4 0 |6 261_000000000000000_MAR_1987 |7 0 |8 A |9 213159 |a BIBTEO |b BIBTEO |d 2019-11-15 |i 2814854 |o 261 MAR 1987 |p 2814854 |r 2025-01-17 |w 2019-11-15 |y BK |k ICR | ||